00978nam a2200265 i 4500001000300000003000400003005001700007008003900024020001500063040000800078041000800086080001500094080001200109100003300121245005800154250002500212260005500237300004100292504003700333521014000370650003300510655003000543710004100573856009800614bgBPK20200317081427.0991210s1999 pl a f f |000 0 pol a8320424658 cBPK0 apol a744:621.01 a(075.8)1 aDobrzański, TadeuszeAutor10aRysunek techniczny maszynowy /cTadeusz Dobrzański. aWyd. 19 zm. (dodr.). aWarszawa :bWydawnictwa Naukowo-Techniczne,c1999. a214, [2] s. :brys., wykr. ;c29 cm. aWykaz norm s. 210-211. - Indeks. aDla personelu inż.-tech. biur konstrukcyjnych i projektowych oraz zakładów przemysłowych, dla słuchaczy uczelni i szkół tech. 4aMaszynyxrysunek techniczny. 4aPodręczniki akademickie2 aWydawnictwa Naukowo-Techniczne4pbl. uhttp://koha.tu.koszalin.pl/cgi-bin/koha/opac-detail.pl?biblionumber=52035yKatalog online BPK